000 00692nam a2200289Ia 4500
005 20260324135754.0
008 008 260324s9999 xx 000 0 eng d
020 _a9780429500374
037 _aEBOOK
040 _aCRL
040 _beng
040 _cCRL
041 _2eng
041 _aeng
084 _qCRL
100 _aJeremy Lipschultz
_91179442
245 0 _aFree Expression In The Age Of The Internet
245 0 _bSocial And Legal Boundaries
260 _bTaylor and Francis
260 _c2000
365 _a
365 _b230
856 _uhttp://www.taylorfrancis.com/books/9780429500374
942 _cEBOOK
999 _c1803282
_d1803282